Langman's Medical Embryology (Record no. 9510)

MARC details
000 -LEADER
fixed length control field 00480nam a22001817a 4500
003 - CONTROL NUMBER IDENTIFIER
control field OSt
005 - DATE AND TIME OF LATEST TRANSACTION
control field 20250709154853.0
008 - FIXED-LENGTH DATA ELEMENTS--GENERAL INFORMATION
fixed length control field 250709b |||||||| |||| 00| 0 eng d
020 ## - INTERNATIONAL STANDARD BOOK NUMBER
International Standard Book Number 9789395736367
040 ## - CATALOGING SOURCE
Transcribing agency MUST
082 ## - DEWEY DECIMAL CLASSIFICATION NUMBER
Classification number QS 604 L25m 2023
100 ## - MAIN ENTRY--PERSONAL NAME
Personal name Edited by Sabita, Mishra; Sadler, T.W
9 (RLIN) 19367
245 ## - TITLE STATEMENT
Title Langman's Medical Embryology
300 ## - PHYSICAL DESCRIPTION
Extent XVII, 346p.;
Other physical details col. iil:
Dimensions 28cm
504 ## - BIBLIOGRAPHY, ETC. NOTE
Bibliography, etc Includes indexes
650 ## - SUBJECT ADDED ENTRY--TOPICAL TERM
Topical term or geographic name as entry element Embryology
9 (RLIN) 61
942 ## - ADDED ENTRY ELEMENTS (KOHA)
Source of classification or shelving scheme Other/Generic Classification Scheme
Koha item type Open Shelf
Holdings
Withdrawn status Lost status Source of classification or shelving scheme Damaged status Not for loan Home library Current library Date acquired Source of acquisition Inventory number Total Checkouts Barcode Date last seen Price effective from Koha item type
    Other/Generic Classification Scheme     MUST Main Library MUST Main Library 09/07/2025 Purchase 25/42410   2025-0012 09/07/2025 09/07/2025 Open Shelf
    Other/Generic Classification Scheme     MUST Main Library MUST Main Library 09/07/2025 Purchase 25/42411   2025-0013 09/07/2025 09/07/2025 Short Loan
    Other/Generic Classification Scheme     MUST Main Library MUST Main Library 09/07/2025 Purchase 25/42409   2025-0014 09/07/2025 09/07/2025 Short Loan